Missing Word: California A-Z Quiz Stats

Quiz Updated Jul 13, 2016

Challenge
Share
Tweet
Embed
Score 0/24 Timer 03:00
0 Plays Today
Hint Answer % Correct
Golden ____ BridgeGate
98.7%
Hollywood ____ of FameWalk
96.8%
Silicon ____ - high-tech regionValley
96.4%
____ TahoeLake
96.2%
San ____ FaultAndreas
94.6%
Rodeo ____, Beverly HillsDrive
93.1%
Stanford ____ - founded 1891University
92.1%
Gold ____ - 1848-1855Rush
92%
Sierra ____ mountain rangeNevada
86.1%
____ SurBig
83.7%
____ National ParkYosemite
80.1%
San Francisco ____ - 1906Earthquake
77.3%
Hint Answer % Correct
California ____ - state birdQuail
74.9%
Joshua ____ National ParkTree
72.7%
____ Berry Farm - amusement parkKnott's
72.1%
Dianne ____ - senatorFeinstein
60.1%
El ____ RealCamino
56.7%
____ Castle - central coast mansionHearst
51%
Channel ____Islands
49%
Golden ____ - state flowerPoppy
40.8%
John ____ TrailMuir
40.4%
Griffith ____ - opened 1935Observatory
38.3%
Salton ____Sea
37.8%
Father ____ Serra - missionaryJunípero
22%

Today's Daily Dose

Missing Word
For Dummies Books

Word Ladder
Ariana Grande

Quick Pick
1970s Authors

On This Day
June 21st II

You're not logged in!

Compare scores with friends on all Sporcle quizzes.
Join for Free
OR
Log In

You Might Also Like...

Show Comments

Extras

Top Quizzes Today


Score Distribution

Your Account Isn't Verified!

In order to create a playlist on Sporcle, you need to verify the email address you used during registration. Go to your Sporcle Settings to finish the process.

Report this User

Report this user for behavior that violates our Community Guidelines.

Details: